| 000 | 00685nam a2200205Ia 4500 | ||
|---|---|---|---|
| 003 | OSt | ||
| 005 | 20260224150501.0 | ||
| 008 | Pun | ||
| 037 | _cTextual | ||
| 040 |
_aARTS _cARTS _bPun |
||
| 041 |
_2Pun _aPun |
||
| 084 | _aO153,2(Q8441:33)x P4 | ||
| 100 | _aਸਹਿਗਲ, ਗੁਰਮੁਖ ਸਿੰਘ | ||
| 245 | 0 | _aਸੱਚ ਕੀ ਬਾਣੀ ਨਾਨਕ ਆਖੇ | |
| 260 |
_aਦਿੱਲੀ _b ਮਨਪ੍ਰੀਤ ਪ੍ਰਕਾFਨ _c2004 |
||
| 300 |
_a160ਪੰ _ccm. |
||
| 650 | _aਪੰਜਾਬੀ ਸਾਹਿਤ | ||
| 942 |
_hO153,2(Q8441:33)x P4 _cTEXL _2CC |
||
| 999 |
_c369711 _d369711 |
||